{"text_format":"3","workbook":"xlsx","n_sheets":2,"sheets":["Протокол ШЭ ВОШ по предмету","Лист2"],"not_rendered":{"defined_names":1},"read":"whole","date_system":"1900"}

{"sheet":"Протокол ШЭ ВОШ по предмету","index":0,"n_rows":71,"n_cols":15,"rows_kept":71}
["№","Фамилия","Имя","Отчество","Дата рождения","Пол","Участник с ОВЗ (да/нет)","Класс обучения","Класс участия","Балл","Максимальный балл","Статус","Призёр муниципального этапа прошлого года","ФИО учителя","Место работы учителя"]
[1,"Низамутдинов","Камиль","Ильназович","2010-01-24","М","нет",5,5,78,100,"Победитель","нет","Тимофеева Индира Илдусовна","Муниципальное бюджетное общеобразовательное учреждение №27 г.Нижнекамск Республики Татарстан"]
[2,"Анисахарова","Арина","Руслановна","2010-05-25","Ж","нет",5,5,77,100,"Победитель","нет","Тимофеева Индира Илдусовна","Муниципальное бюджетное общеобразовательное учреждение №27 г.Нижнекамск Республики Татарстан"]
[3,"Уткина","Арина","Дмитриевна","2010-02-22","Ж","нет",5,5,58,100,"Призер","нет","Тимофеева Индира Илдусовна","Муниципальное бюджетное общеобразовательное учреждение №27 г.Нижнекамск Республики Татарстан"]
[4,"Ковалёв","Сергей","Алекснандрович","2010-05-22","М","нет",5,5,57,100,"Призер","нет","Тимофеева Индира Илдусовна","Муниципальное бюджетное общеобразовательное учреждение №27 г.Нижнекамск Республики Татарстан"]
[5,"Зиннатуллин","Амиль","Эдуардович","2009-11-27","М","нет",5,5,46,100,"участник","нет","Тимофеева Индира Илдусовна","Муниципальное бюджетное общеобразовательное учреждение №27 г.Нижнекамск Республики Татарстан"]
[6,"Юзеев","Салават","Ленарович","2009-12-02","М","нет",5,5,43,100,"участник","нет","Тимофеева Индира Илдусовна","Муниципальное бюджетное общеобразовательное учреждение №27 г.Нижнекамск Республики Татарстан"]
[7,"Митрофанова","Анастасия","Алексеевна","2009-12-22","Ж","нет",5,5,37,100,"участник","нет","Тимофеева Индира Илдусовна","Муниципальное бюджетное общеобразовательное учреждение №27 г.Нижнекамск Республики Татарстан"]
[8,"Трофимов","Никита","Денисович","2010-09-29","М","нет",5,5,22,100,"участник","нет","Тимофеева Индира Илдусовна","Муниципальное бюджетное общеобразовательное учреждение №27 г.Нижнекамск Республики Татарстан"]
[9,"Шишкин","Савелий","Александрович","2010-05-13","М","нет",5,5,20,100,"участник","нет","Тимофеева Индира Илдусовна","Муниципальное бюджетное общеобразовательное учреждение №27 г.Нижнекамск Республики Татарстан"]
[10,"Зинова","Эмилия","Максимовна","2010-01-21","Ж","нет",5,5,17,100,"участник","нет","Тимофеева Индира Илдусовна","Муниципальное бюджетное общеобразовательное учреждение №27 г.Нижнекамск Республики Татарстан"]
[11,"Маврин","Тимур","Ильдарович","2009-01-15","М","нет",6,6,82,100,"Победитель","нет","Тимофеева Индира Илдусовна","Муниципальное бюджетное общеобразовательное учреждение №27 г.Нижнекамск Республики Татарстан"]
[12,"Родионова","Таисия","Андреевна","2009-10-13","Ж","нет",6,6,80,100,"Победитель","нет","Тимофеева Индира Илдусовна","Муниципальное бюджетное общеобразовательное учреждение №27 г.Нижнекамск Республики Татарстан"]
[13,"Макаров ","Алексей","Владимирович","2008-12-05","М","нет",6,6,62,100,"Призер","нет","Тимофеева Индира Илдусовна","Муниципальное бюджетное общеобразовательное учреждение №27 г.Нижнекамск Республики Татарстан"]
[14,"Митюшкина","Софья","Сергеевна","2009-12-12","Ж","нет",6,6,56,100,"Призер","нет","Тимофеева Индира Илдусовна","Муниципальное бюджетное общеобразовательное учреждение №27 г.Нижнекамск Республики Татарстан"]
[15,"Гурьянов","Денис","Сергеевич","2009-01-29","М","нет",6,6,46,100,"участник","нет","Тимофеева Индира Илдусовна","Муниципальное бюджетное общеобразовательное учреждение №27 г.Нижнекамск Республики Татарстан"]
[16,"Спиридонова","Ульяна","Дмитриевна","2009-10-28","Ж","нет",6,6,43,100,"участник","нет","Тимофеева Индира Илдусовна","Муниципальное бюджетное общеобразовательное учреждение №27 г.Нижнекамск Республики Татарстан"]
[17,"Денисов","Макар","Сергеевич","2009-03-19","М","нет",6,6,37,100,"участник","нет","Тимофеева Индира Илдусовна","Муниципальное бюджетное общеобразовательное учреждение №27 г.Нижнекамск Республики Татарстан"]
[18,"Перелыгина","Валерия","Николаевна","2008-12-10","Ж","нет",6,6,20,100,"участник","нет","Тимофеева Индира Илдусовна","Муниципальное бюджетное общеобразовательное учреждение №27 г.Нижнекамск Республики Татарстан"]
[19,"Пономарев","Артём","Александрович","2008-11-30","М","нет",6,6,16,100,"участник","нет","Тимофеева Индира Илдусовна","Муниципальное бюджетное общеобразовательное учреждение №27 г.Нижнекамск Республики Татарстан"]
[20,"Петрова","Ралина","Васильева","2008-01-16","Ж","нет",6,6,8,100,"участник","нет","Тимофеева Индира Илдусовна","Муниципальное бюджетное общеобразовательное учреждение №27 г.Нижнекамск Республики Татарстан"]
[21,"Новиков","Альберт","Андреевич","2007-12-18","М","нет",7,7,86,100,"Победитель","нет","Тимофеева Индира Илдусовна","Муниципальное бюджетное общеобразовательное учреждение №27 г.Нижнекамск Республики Татарстан"]
[22,"Рогаткина","Софья","Игоревна","2008-04-12","Ж","нет",7,7,79,100,"Победитель","нет","Тимофеева Индира Илдусовна","Муниципальное бюджетное общеобразовательное учреждение №27 г.Нижнекамск Республики Татарстан"]
[23,"Гиниятуллин","Эмиль","Рустемович","2008-01-29","М","нет",7,7,62,100,"Призер","нет","Тимофеева Индира Илдусовна","Муниципальное бюджетное общеобразовательное учреждение №27 г.Нижнекамск Республики Татарстан"]
[24,"Нуреева","Камилла","Дамировна","2008-11-22","Ж","нет",7,7,58,100,"Призер","нет","Тимофеева Индира Илдусовна","Муниципальное бюджетное общеобразовательное учреждение №27 г.Нижнекамск Республики Татарстан"]
[25,"Зиганшина","Эльвира","Рафаэлевна","2008-11-03","Ж","нет",7,7,46,100,"участник","нет","Тимофеева Индира Илдусовна","Муниципальное бюджетное общеобразовательное учреждение №27 г.Нижнекамск Республики Татарстан"]
[26,"Сибгатуллин","Самир","Марселевич","2008-02-16","М","нет",7,7,45,100,"участник","нет","Тимофеева Индира Илдусовна","Муниципальное бюджетное общеобразовательное учреждение №27 г.Нижнекамск Республики Татарстан"]
[27,"Скучаев","Михаил","Сергеевич","2007-11-13","М","нет",7,7,33,100,"участник","нет","Тимофеева Индира Илдусовна","Муниципальное бюджетное общеобразовательное учреждение №27 г.Нижнекамск Республики Татарстан"]
[28,"Князев","Леонид","Сергеевич","2008-08-12","М","нет",7,7,20,100,"участник","нет","Тимофеева Индира Илдусовна","Муниципальное бюджетное общеобразовательное учреждение №27 г.Нижнекамск Республики Татарстан"]
[29,"Габдрахманов","Алмаз","Айдарович","2008-12-22","М","нет",7,7,16,100,"участник","нет","Тимофеева Индира Илдусовна","Муниципальное бюджетное общеобразовательное учреждение №27 г.Нижнекамск Республики Татарстан"]
[30,"Костин","Семён","Витальевич","2007-03-15","М","нет",8,8,85,100,"Победитель","нет","Тимофеева Индира Илдусовна","Муниципальное бюджетное общеобразовательное учреждение №27 г.Нижнекамск Республики Татарстан"]
[31,"Ремеслова ","Алина","Станиславовна","2007-09-26","Ж","нет",8,8,82,100,"Победитель","нет","Тимофеева Индира Илдусовна","Муниципальное бюджетное общеобразовательное учреждение №27 г.Нижнекамск Республики Татарстан"]
[32,"Муллин","Арсений","Дмитриевич","2007-09-18","М","нет",8,8,62,100,"призер","нет","Тимофеева Индира Илдусовна","Муниципальное бюджетное общеобразовательное учреждение №27 г.Нижнекамск Республики Татарстан"]
[33,"Мирзаянова","Камилла","Фаритовна","2007-03-12","Ж","нет",8,8,60,100,"Призер","нет","Тимофеева Индира Илдусовна","Муниципальное бюджетное общеобразовательное учреждение №27 г.Нижнекамск Республики Татарстан"]
[34,"Архипова","Виктория","Валерьевна","2006-12-03","Ж","нет",8,8,45,100,"участник","нет","Тимофеева Индира Илдусовна","Муниципальное бюджетное общеобразовательное учреждение №27 г.Нижнекамск Республики Татарстан"]
[35,"Ханжина","Екатерина","Андреевна","2007-08-17","Ж","нет",8,8,35,100,"участник","нет","Тимофеева Индира Илдусовна","Муниципальное бюджетное общеобразовательное учреждение №27 г.Нижнекамск Республики Татарстан"]
[36,"Ильин ","Илья","Андреевич","2007-05-06","М","нет",8,8,22,100,"участник","нет","Тимофеева Индира Илдусовна","Муниципальное бюджетное общеобразовательное учреждение №27 г.Нижнекамск Республики Татарстан"]
[37,"Салимгараеев","Рузаль","Ралифович","2007-04-12","М","нет",8,8,18,100,"участник","нет","Тимофеева Индира Илдусовна","Муниципальное бюджетное общеобразовательное учреждение №27 г.Нижнекамск Республики Татарстан"]
[38,"Уточкин","Сергей","Дмитриевич","2006-11-29","М","нет",8,8,15,100,"участник","нет","Тимофеева Индира Илдусовна","Муниципальное бюджетное общеобразовательное учреждение №27 г.Нижнекамск Республики Татарстан"]
[39,"Саттаров","Данияр","Ильфатович","2007-10-17","М","нет",8,8,11,100,"участник","нет","Тимофеева Индира Илдусовна","Муниципальное бюджетное общеобразовательное учреждение №27 г.Нижнекамск Республики Татарстан"]
[40,"Харисова","Ралина","Раилевна","2007-12-10","Ж","нет",8,8,6,100,"участник","нет","Тимофеева Индира Илдусовна","Муниципальное бюджетное общеобразовательное учреждение №27 г.Нижнекамск Республики Татарстан"]
[41,"Баширов ","Константин","Юрьевич","2006-04-14","М","нет",9,9,25,100,"Участник","нет","Камалов Ильнар Наилевич","Муниципальное бюджетное общеобразовательное учреждение \"Школа №27\" г.Нижнекамск Республика Татарстан"]
[42,"Власкин","Юрий","Игоревич","2006-04-17","М","нет",9,9,29,100,"Участник","нет","Камалов Ильнар Наилевич","Муниципальное бюджетное общеобразовательное учреждение \"Школа №27\" г.Нижнекамск Республика Татарстан"]
[43,"Зубков","Данил","Алексеевич","2006-03-04","М","нет",9,9,31,100,"Участник","нет","Камалов Ильнар Наилевич","Муниципальное бюджетное общеобразовательное учреждение \"Школа №27\" г.Нижнекамск Республика Татарстан"]
[44,"Санников","Михаил","Евгеньевич","2006-01-29","М","нет",9,9,36,100,"Участник","нет","Камалов Ильнар Наилевич","Муниципальное бюджетное общеобразовательное учреждение \"Школа №27\" г.Нижнекамск Республика Татарстан"]
[45,"Исламова","Анастасия","Олеговна","2006-04-07","Ж","нет",9,9,40,100,"Участник","нет","Камалов Ильнар Наилевич","Муниципальное бюджетное общеобразовательное учреждение \"Школа №27\" г.Нижнекамск Республика Татарстан"]
[46,"Милкова","Полина","Александровна","2006-04-27","Ж","нет",9,9,42,100,"Участник","нет","Камалов Ильнар Наилевич","Муниципальное бюджетное общеобразовательное учреждение \"Школа №27\" г.Нижнекамск Республика Татарстан"]
[47,"Пушканова","Арина","Руслановна","2006-01-24","Ж","нет",9,9,49,100,"Участник","нет","Камалов Ильнар Наилевич","Муниципальное бюджетное общеобразовательное учреждение \"Школа №27\" г.Нижнекамск Республика Татарстан"]
[48,"Струкова","Аделина","Сергеевна","2006-08-13","Ж","нет",9,9,5,100,"Участник","нет","Камалов Ильнар Наилевич","Муниципальное бюджетное общеобразовательное учреждение \"Школа №27\" г.Нижнекамск Республика Татарстан"]
[49,"Гиниатуллина","Айсылу","Рамилевна","2006-10-04","Ж","нет",9,9,79,100,"Победитель","нет","Камалов Ильнар Наилевич","Муниципальное бюджетное общеобразовательное учреждение \"Школа №27\" г.Нижнекамск Республика Татарстан"]
[50,"Лазарева","Кристина","Валерьевна","2006-07-28","Ж","нет",9,9,62,100,"Призёр","нет","Камалов Ильнар Наилевич","Муниципальное бюджетное общеобразовательное учреждение \"Школа №27\" г.Нижнекамск Республика Татарстан"]
[51,"Емелина","София","Сергеевна","2005-08-22","Ж","нет",10,10,25,100,"Участник","нет","Камалов Ильнар Наилевич","Муниципальное бюджетное общеобразовательное учреждение \"Школа №27\" г.Нижнекамск Республика Татарстан"]
[52,"Зиганшина","Азалия","Ленаровна","2005-03-13","Ж","нет",10,10,28,100,"Участник","нет","Камалов Ильнар Наилевич","Муниципальное бюджетное общеобразовательное учреждение \"Школа №27\" г.Нижнекамск Республика Татарстан"]
[53,"Моисеев","Семён","Павлович","2004-12-01","М","нет",10,10,33,100,"Участник","нет","Камалов Ильнар Наилевич","Муниципальное бюджетное общеобразовательное учреждение \"Школа №27\" г.Нижнекамск Республика Татарстан"]
[54,"Сорокин","Александр","Андреевич","2005-02-05","М","нет",10,10,35,100,"Участник","нет","Камалов Ильнар Наилевич","Муниципальное бюджетное общеобразовательное учреждение \"Школа №27\" г.Нижнекамск Республика Татарстан"]
[55,"Тюрикова","Ольга","Евгеньевна","2005-08-18","Ж","нет",10,10,37,100,"Участник","нет","Камалов Ильнар Наилевич","Муниципальное бюджетное общеобразовательное учреждение \"Школа №27\" г.Нижнекамск Республика Татарстан"]
[56,"Федченко","Роман","Владимирович","2005-08-01","М","нет",10,10,43,100,"Участник","нет","Камалов Ильнар Наилевич","Муниципальное бюджетное общеобразовательное учреждение \"Школа №27\" г.Нижнекамск Республика Татарстан"]
[57,"Кондратова","Виктория","Анатольевна","2005-05-29","Ж","нет",10,10,49,100,"Участник","нет","Камалов Ильнар Наилевич","Муниципальное бюджетное общеобразовательное учреждение \"Школа №27\" г.Нижнекамск Республика Татарстан"]
[58,"Харченко","Юрий","Степанович","2005-03-28","М","нет",10,10,48,100,"Участник","нет","Камалов Ильнар Наилевич","Муниципальное бюджетное общеобразовательное учреждение \"Школа №27\" г.Нижнекамск Республика Татарстан"]
[59,"Толкачев","Артемий","Александрович","2005-03-27","М","нет",10,10,76,100,"Победитель","нет","Камалов Ильнар Наилевич","Муниципальное бюджетное общеобразовательное учреждение \"Школа №27\" г.Нижнекамск Республика Татарстан"]
[60,"Михтахов","Тимур","Риазович","2005-09-01","М","нет",10,10,58,100,"Призёр","нет","Камалов Ильнар Наилевич","Муниципальное бюджетное общеобразовательное учреждение \"Школа №27\" г.Нижнекамск Республика Татарстан"]
[61,"Бряндин","Вадим","Андреевич","2004-08-26","М","нет",11,11,26,100,"Участник","нет","Камалов Ильнар Наилевич","Муниципальное бюджетное общеобразовательное учреждение \"Школа №27\" г.Нижнекамск Республика Татарстан"]
[62,"Доган","Амина","Арифовна","2003-12-27","Ж","нет",11,11,27,100,"Участник","нет","Камалов Ильнар Наилевич","Муниципальное бюджетное общеобразовательное учреждение \"Школа №27\" г.Нижнекамск Республика Татарстан"]
[63,"Акатьев","Вадим","Вячеславович","2004-07-28","М","нет",11,11,32,100,"Участник","нет","Камалов Ильнар Наилевич","Муниципальное бюджетное общеобразовательное учреждение \"Школа №27\" г.Нижнекамск Республика Татарстан"]
[64,"Казакова","Ангелина","Денисовна","2004-12-23","Ж","нет",11,11,35,100,"Участник","нет","Камалов Ильнар Наилевич","Муниципальное бюджетное общеобразовательное учреждение \"Школа №27\" г.Нижнекамск Республика Татарстан"]
[65,"Кутилин","Максим","Сергеевич","2004-01-13","М","нет",11,11,41,100,"Участник","нет","Камалов Ильнар Наилевич","Муниципальное бюджетное общеобразовательное учреждение \"Школа №27\" г.Нижнекамск Республика Татарстан"]
[66,"Хузеева","Камилла","Ильдаровна","2004-07-23","Ж","нет",11,11,46,100,"Участник","нет","Камалов Ильнар Наилевич","Муниципальное бюджетное общеобразовательное учреждение \"Школа №27\" г.Нижнекамск Республика Татарстан"]
[67,"Юлдашев ","Алмаз","Айдарович","2004-09-21","М","нет",11,11,49,100,"Участник","нет","Камалов Ильнар Наилевич","Муниципальное бюджетное общеобразовательное учреждение \"Школа №27\" г.Нижнекамск Республика Татарстан"]
[68,"Баранова","Полина","Евгеньевна","2004-02-24","Ж","нет",11,11,43,100,"Участник","нет","Камалов Ильнар Наилевич","Муниципальное бюджетное общеобразовательное учреждение \"Школа №27\" г.Нижнекамск Республика Татарстан"]
[69,"Шипкова","Дарья","Олеговна","2004-01-28","Ж","нет",11,11,78,100,"Победитель","нет","Камалов Ильнар Наилевич","Муниципальное бюджетное общеобразовательное учреждение \"Школа №27\" г.Нижнекамск Республика Татарстан"]
[70,"Гайнуллина","Камиля","Алмазовна","2003-12-02","Ж","нет",11,11,61,100,"Призёр","нет","Камалов Ильнар Наилевич","Муниципальное бюджетное общеобразовательное учреждение \"Школа №27\" г.Нижнекамск Республика Татарстан"]

{"sheet":"Лист2","index":1,"n_rows":3,"n_cols":7,"rows_kept":3}
["м",null,"Победитель",null,"да",null,"Победитель"]
["ж",null,"Призер",null,"нет",null,"Призер"]
[null,null,"Участник"]